| 000 | 00511aam a2200181 4500 | ||
|---|---|---|---|
| 005 | 20170126144847.0 | ||
| 008 | 150423b xxu||||| |||| 00| 0 spa d | ||
| 041 | _aspa | ||
| 082 | _a303.323 C569c | ||
| 245 | _a101 historias para vivir con valores | ||
| 260 |
_aPerú _bCorporacion Editora Chirre _c2011 |
||
| 300 | _a127 páginas | ||
| 650 |
_aVALORES _932 |
||
| 650 |
_aCLASIFICACIÓN DE VALORES _934643 |
||
| 650 |
_aRESPETO A LOS VALORES _934644 |
||
| 650 |
_aINCENTIVANDO VALORES _934645 |
||
| 942 | _cBK | ||
| 999 |
_c4968 _d4968 |
||